000 00654nam a22002417a 4500
005 20230923102607.0
008 230923b ||||| |||| 00| 0 eng d
020 _a9788129114921
040 _aIN-DiNC
_cIN-DiNC
041 _deng
082 _a294.5923
_bBYA
100 _aByasdev
_eauthor
245 _aThe Mahabharata:
_ba modern rendering/
_cby Byasdev and edited by Ramesh Menon
250 _a9th imp.
260 _aNew Delhi:
_bRupa publications,
_c2016.
300 _axxi, 846p.
650 _aAdi parva
650 _aSabha parva
650 _aVana parva
650 _aVirata parva
700 _aMenon, Ramesh
_eauthor
942 _2ddc
_cBK
999 _c11652
_d11652